000 00456pab a2200157 454500
008 180718b2013 xxu||||| |||| 00| 0 eng d
100 _aTripathi, Ashutosh Kumar
245 _aDecomposing variability in agriculture price: The case of selected Indian agricultural commodities
260 _c2013
300 _ap.46-53.
362 _a28 Dec
650 _aAgricultural price
773 _aEconomic and Political Weekly
908 _aN
909 _a103361
999 _c103357
_d103357